Κατάλογος Βιβλιοθηκών Mediterranean College

Introduction to Information Systems (Record no. 8213)

MARC details
000 -LEADER
fixed length control field 01219cam a22002174a 4500
005 - ΗΜΕΡΟΜΗΝΙΑ ΚΑΙ ΩΡΑ ΤΕΛΕΥΤΑΙΑΣ ΕΝΗΜΕΡΩΣΗΣ
Πεδίο ελέγχου 20250605164330.0
008 - FIXED-LENGTH DATA ELEMENTS--GENERAL INFORMATION
Πεδίο ελέγχου σταθερού μήκους 250528s ||||||||||||||||||||||||d
035 ## - SYSTEM CONTROL NUMBER
System control number 23183
020 ## - ISBN
ISBN 9780071318044
040 ## - ΠΗΓΗ ΚΑΤΑΛΟΓΟΓΡΑΦΗΣΗΣ
Φορέας πρωτότυπης καταλογογράφησης MC Athens Campus Library
Γλώσσα καταλογογράφησης Ελληνικά, Μοντέρνα (1453-)
Modifying agency MC Athens Campus Library
Κανόνες περιγραφικής καταλογογράφησης AACR2
245 1# - ΤΙΤΛΟΣ ΚΑΙ ΔΗΛΩΣΗ ΥΠΕΥΘΥΝΟΤΗΤΑΣ
Τίτλος Introduction to Information Systems
250 ## - EDITION STATEMENT
Edition statement 16th
260 ## - PUBLICATION, DISTRIBUTION, ETC.
Name of publisher, distributor, etc. Mcgraw Hill Irwin,
Date of publication, distribution, etc. 2013
300 ## - PHYSICAL DESCRIPTION
Extent 734
520 ## - SUMMARY, ETC.
Summary, etc. Foundation Concepts, Foundations of Information Systems in Business, Competing with Information Technology, Information Technologies, Computer Hardware, Computer Software, Data Resource Management, Telecommunications and Networks, E - Business Applications, e - Business Systems, Business Across the Enterprise, e - Commerce Systems, Supporting Decision Making, Development Processes, Business/ IT Strategies for Development, Implementing Business/ IT Solutions, Management Challenges, Security and Ethical Challenges, Enterprise and Global Management of Information Technology, Review Quiz Answers, Selected References, Glossary for Business Professionals, Name and Company and Subject Index.
700 1# - ΠΡΟΣΘΕΤΗ ΑΝΑΓΡΑΦΗ--ΦΥΣΙΚΟ ΠΡΟΣΩΠΟ
Personal name Marakas George M
9 (RLIN) 7884
700 1# - ΠΡΟΣΘΕΤΗ ΑΝΑΓΡΑΦΗ--ΦΥΣΙΚΟ ΠΡΟΣΩΠΟ
Personal name O'Brien James
9 (RLIN) 7885
942 ## - ADDED ENTRY ELEMENTS (KOHA)
Koha item type Books
Holdings
Τύπος τεκμηρίου Βιβλιοθήκη Τρέχουσα τοποθεσία Barcode Αριθμός εισαγωγής Ημερομηνία απόκτησης Ταξιθετικό σύμβολο Αριθμός αντιτύπου Κατάσταση απόσυρσης Κατάσταση χαμένου Κατάσταση κατεστραμμένου Μη δανεισμός Σύνολο δανεισμών Ημερομηνία τελευταίας εμφάνισης Η τιμή ισχύει από
Books MC Athens Campus Library MC Athens Campus Library 9780000082121 7623 05/06/2025 658.05 MAR 1           05/06/2025 05/06/2025

MC Athens Campus Library
Πατησίων 94 & Κοδριγκτώνος 13, 104 34
Πελλήνης 8 & Πατησίων 107, 112 51
Τ: +30 210 8899600

MC Thessaloniki Campus Library
Ίωνος Δραγούμη 21, 54625 | Ίωνος Δραγούμη 15, 54625
Τ: +30 2310 287779 – Τ: +30 2314 440300